Top 4 Rugby Union League Table - Statistics

General Stats
  • This quiz has been taken 15 times
  • The average score is 23 of 52
Answer Stats
N Team P W D L PD PTS % Correct
5 Munster 18 13 1 4 +165 68
83%
8 Leinster 18 13 0 5 +204 65
75%
24 Ulster 18 11 0 7 +28 54
75%
14 Bath 18 11 0 7 +98 60
67%
30 Exeter Chiefs 18 10 0 8 +75 50
67%
19 Saracens 18 11 0 7 +135 56
67%
1 Toulouse 26 16 1 9 +173 76
67%
23 Bristol Bears 18 11 0 7 +144 54
58%
39 Cardiff Blues 18 4 1 13 -26 32
58%
32 Edinburgh 18 11 0 7 +19 49
58%
20 Sale Sharks 18 12 0 6 +26 56
58%
3 Toulon 26 15 0 11 +185 69
58%
6 Vodacom Bulls 18 13 0 5 +206 66
58%
21 Blues 14 12 0 2 +255 55
50%
26 Brumbies 14 12 0 2 +99 52
50%
34 Connacht 18 9 0 9 -28 45
50%
45 Crusaders 14 4 0 10 -6 25
50%
16 DHL Stormers 18 12 0 6 +120 59
50%
9 Glasgow Warriors 18 13 0 5 +166 65
50%
40 Gloucester 18 5 0 13 -195 32
50%
28 Harlequins 18 9 0 9 -34 51
50%
41 Highlanders 14 6 0 8 -97 28
50%
46 Hollywoodbets Sharks 18 4 0 14 -88 25
50%
33 Leicester Tigers 18 9 0 9 +27 45
50%
22 Lyon 26 12 0 14 -124 55
50%
52 Newcastle Falcons 18 0 0 18 -378 5
50%
37 Reds 14 8 0 6 +104 40
50%
36 The Chiefs 14 9 0 5 +175 43
50%
51 Waratahs 14 2 0 12 -128 13
50%
49 Dragons 18 3 0 15 -311 16
42%
29 Emirates Lions 18 9 0 9 +128 50
42%
35 Montpellier 26 9 0 17 -113 44
42%
13 Northampton Saints 18 12 0 6 +102 60
42%
44 Rebels 14 5 0 9 -147 26
42%
42 Scarlets 18 5 0 13 -262 27
42%
25 Benetton Treviso 18 11 1 6 +11 54
33%
43 Fijian Drua 14 6 0 8 -102 26
33%
47 Force 14 4 0 10 -132 20
33%
18 Hurricanes 14 12 0 2 +199 56
33%
7 La Rochelle 26 13 1 12 +99 66
33%
31 Ospreys 18 10 0 8 -35 50
33%
10 Racing 92 26 13 0 13 +76 62
33%
12 Clermont 26 12 2 12 -50 61
25%
38 Oyonnax 26 7 1 18 -251 34
25%
15 Pau 26 13 0 13 +21 60
25%
17 Perpignan 26 13 0 13 -167 58
25%
2 Stade Francais 26 17 1 8 +28 75
25%
60 Zebre Parma 18 1 1 16 -298 15
25%
27 Bayonne 26 11 0 15 -97 52
17%
48 Moana Pasifika 14 4 0 10 -132 18
8%
4 Bordeaux Bégles 26 15 0 11 +119 69
0%
11 Castres 26 13 0 13 +1 62
0%
No matching quizzes found
Score Distribution
Percent of People with Each Score
Percentile by Number Answered
Your Score History
You have not taken this quiz